Zdaňovanie pohonných hmôt v EÚ a zavedenie osobitného daňového režimu pre plynový olej (naftu) ako ďalší krok k daňovej harmonizácii v oblasti spotrebných daní

Harmonizácia v oblasti spotrebných daní. Vymedzenie tovarov podliehajúcich spotrebnej dani. Zdaňovanie pohonných látok v Európskej únii. Úroveň cien pohonných látok v EÚ. Úroveň zdanenia pohonných hmôt v EÚ. Návrh komisie na zjednotenie úrovne zdaňovania benzínu a nafty.

Guardado en:
Detalles Bibliográficos
Autor principal: Rabatinová, Marcela, 1977-
Formato: Capítulo de libro
Lenguaje:eslovaco
Materias:
Etiquetas: Agregar Etiqueta
Sin Etiquetas, Sea el primero en etiquetar este registro!

MARC

LEADER 00000nla$a2200000$$$4500
001 0094335
005 20240502083239.4
041 0 |a slo 
044 |a CZ 
245 1 0 |a Zdaňovanie pohonných hmôt v EÚ a zavedenie osobitného daňového režimu pre plynový olej (naftu) ako ďalší krok k daňovej harmonizácii v oblasti spotrebných daní  |c Marcela Rabatinová 
520 |a Harmonizácia v oblasti spotrebných daní. Vymedzenie tovarov podliehajúcich spotrebnej dani. Zdaňovanie pohonných látok v Európskej únii. Úroveň cien pohonných látok v EÚ. Úroveň zdanenia pohonných hmôt v EÚ. Návrh komisie na zjednotenie úrovne zdaňovania benzínu a nafty. 
610 2 0 |a dane spotrebné 
610 2 0 |a hmoty pohonné 
610 2 0 |a benzín 
610 2 0 |a nafta 
610 2 0 |a sadzby daňové 
610 2 0 |a harmonizácia 
610 2 0 |a Európska únia 
610 2 0 |a legislatíva 
100 1 |a Rabatinová, Marcela, 1977-